Indonesia Administrative Divisions, Base 802580 (R02-495), May 1998.

Bibliographic Details
Corporate Author: United States. Central Intelligence Agency
Format: Government Document Map
Language:English
Published: [Place of publication not identified] : [publisher not identified], [1998?]

MARC

Tag First Indicator Second Indicator Subfields
LEADER 00000cem a22000007a 4500
001 in00000001054
005 20151002070019.0
008 980820s1998 xxu f000 0 eng
035 |a (OCoLC) 
035 |a tmp97218298 
035 |9 AHS7525AM 
040 |a MvI  |c MvI  |d UtOrBLW 
049 |a MAPS 
074 |a 0856-A-01 
086 0 |a PREX 3.10/4:IN 2/15/998 
245 0 0 |a Indonesia Administrative Divisions, Base 802580 (R02-495), May 1998. 
264 1 |a [Place of publication not identified] :  |b [publisher not identified],  |c [1998?] 
336 |a cartographic image  |b cri  |2 rdacontent 
337 |a unmediated  |b n  |2 rdamedia 
338 |a unspecified  |b zu  |2 rdacarrier 
500 |a Shipping List #: 98-0329-P 
500 |a Shipping List Date: 08/10/98 
500 |a Cartographic material. 
710 1 |a United States.  |b Central Intelligence Agency. 
999 |a MARS 
999 f f |s 1356314d-7259-33c7-ae9b-886331ae0954  |i 8786a5f6-ebea-38ee-88c6-184de48725a6  |t 0 
952 f f |p normal  |a Texas A&M University  |b College Station  |c Sterling C. Evans Library  |d Evans: Maps (2nd floor)  |t 0  |e G8071 F1 1998.U5  |h Library of Congress classification  |i unspecified -- unspecified  |m A14824539646 
998 f f |a G8071 F1 1998.U5  |t 0  |l Evans: Maps (2nd floor)